000 00453nam a22001217a 4500
999 _c18827
_d18827
008 210222b xxu||||| |||| 00| 0 eng d
050 _aGMI0738
_b.M88 2018 c.1
100 _aMutai, Joshua Kiprotich
245 _aA web-based model to determine security risk exposure index among savings and credit cooperative societies
_cJoshua Kiprotich Mutai
260 _aKabarak, Nakuru, Kenya
_bKabarak University
_c2018
300 _a74 leaves
942 _2lcc
_cTHE